| 000 | 00358nam a2200157 4500 | ||
|---|---|---|---|
| 008 | 190521s1997||||xo d | ||
| 245 | 1 | 0 | _aPsychiatrické vyšetrenie |
| 260 |
_bV F _aTrencín _c1997 |
||
| 020 |
_a8096727737 _c0 |
||
| 100 | 1 |
_aKind Hans _91098 |
|
| 250 | _a1.vydanie | ||
| 300 | _a156s. | ||
| 041 | 1 | _aslo | |
| 044 |
_axo _cSK |
||
| 958 | _aA | ||
| 999 |
_c22390 _d22390 |
||